00690nam a2200205Ia 4500003000900000008004100009020002200050040001600072080001700088100002400105245006300129250001200192260004100204300001400245650002800259700002500287942000700312999001700319952014800336IN-BaIIA211028s9999 xx 000 0 eng d a978-1-78326-482-7 cIIA Library a524.882bRAI aRaine, Derek925962 0aBlack holesba student textcDerek Raine and Edwin Thomas  a3rd ed. aLondonbImperial College Pressc2015 axv, 282p. aBlack holes (Astronomy) aThomas, Edwin929980 cBK c18977d18977 00104070aBANbBANcGENd2015-03-02eANJ g1818.00l2m1o524.882/ RAIp19899r2024-02-27s2023-10-19v1818.00w2015-03-02yBKGRs. 1818.00